Európske železnice na začiatku 21. storočia

Štátno-monopolná štruktúra európskych železníc a jej negatívny dopad na ich ekonomickú výkonnosť. Európska stratégia reforiem a snaha vysporiadať sa s komplikovanou situáciou európskych železníc. Zavedenie konkurencie na železnici. Výhody a nevýhody európskych reforiem. Infraštruktúra a jej financov...

Ausführliche Beschreibung

Gespeichert in:
Bibliographische Detailangaben
1. Verfasser: Tomeš, Zdeněk
Format: Buchkapitel
Sprache:Slowakisch
Schlagworte:
Tags: Tag hinzufügen
Keine Tags, Fügen Sie das erste Tag hinzu!

MARC

LEADER 00000naa$a2200000$$$4500
001 0069185
005 20231108134233.8
041 0 |a slo 
044 |a SK 
245 1 0 |a Európske železnice na začiatku 21. storočia  |c Zdeněk Tomeš 
520 |a Štátno-monopolná štruktúra európskych železníc a jej negatívny dopad na ich ekonomickú výkonnosť. Európska stratégia reforiem a snaha vysporiadať sa s komplikovanou situáciou európskych železníc. Zavedenie konkurencie na železnici. Výhody a nevýhody európskych reforiem. Infraštruktúra a jej financovanie. 
610 2 0 |a doprava železničná 
610 2 0 |a železnice 
610 2 0 |a siete železničné 
610 2 0 |a riadenie 
610 2 0 |a reformy 
610 2 0 |a privatizácia 
610 2 0 |a monopoly 
610 2 0 |a konkurencia 
610 2 0 |a Európa 
100 1 |a Tomeš, Zdeněk